000 00570nam a2200241 a 4500
001 nice12345678
003 IN_TiNIC
005 20260116012412.0
008 050524s1938 lona grp 000 0 eng
020 _a
_c100
082 0 0 _a275.4
_bMAT
100 _aMathews, Basil
245 _aChurch Takes Root in India
260 _aLondon
_bEdinburgh House Press
_c1938
300 _a160p
500 _aincludes index and biblioraphy
505 2 _aIndex
650 _aChurch-India
700 1 _aMathews, Basil
902 _bSRS
942 _cBK
999 _c6881
_d6881